000 00419nab a2200145Ia 4500
003 ES-SlBCS
005 20210601140411.0
008 140529s1995 xxu||||| |||| 00| 0 spa d
041 _aspa
100 1 _aPitol, Sergio
_933705
245 0 0 _aEscribir, ese misterio
_c Sergio Pitol
650 0 4 _aEscritor-Inspiración
_9244178
773 0 _tCuadernos Hispanoamericanos
_gnº. 546, 1995, págs. 31-43
_wRev1135
942 _cAR
999 _c643954
_d643954